| 000 | 00532nam a2200181Ia 4500 | ||
|---|---|---|---|
| 008 | 151018s9999 xx 000 0 und d | ||
| 082 |
_bRBASDV24122 _a891.463 |
||
| 100 | _aदत्ता जी कुलकर्णी | ||
| 245 | _aआठव | ||
| 250 | _b1 | ||
| 260 | _bनलिनी प्रकाशन | ||
| 300 | _a118 | ||
| 600 | _aदत्ता जी कुलकर्णी | ||
| 630 | _aआठव | ||
| 700 | _aदत्ता जी कुलकर्णी | ||
| 730 | _aआठव | ||
| 942 | _cBOOK | ||
| 999 |
_c1023768 _d1023765 |
||